Central Library OPAC University of Rajshahi

International economics / (Record no. 6499)

MARC details
000 -LEADER
fixed length control field 00751cam a2200229 a 4500
001 - CONTROL NUMBER
control field 6499
003 - CONTROL NUMBER IDENTIFIER
rucl marc code BD-RjUL
005 - DATE AND TIME OF LATEST TRANSACTION
control field 20211208234244.0
008 - FIXED-LENGTH DATA ELEMENTS--GENERAL INFORMATION
fixed length control field 880808r19601933enk 000 0 eng
035 ## - SYSTEM CONTROL NUMBER
System control number (BD-RjUL)6540
040 ## - CATALOGING SOURCE
Original cataloging agency DLC
Transcribing agency ABC
Modifying agency ABC
-- m.c
-- BD-RjUL
Language of cataloging eng
041 ## - LANGUAGE CODE
Language code of text/sound track or separate title eng
082 04 - DEWEY DECIMAL CLASSIFICATION NUMBER
Edition number 18
Classification number 382
Author mark and year HAI 1960
100 1# - MAIN ENTRY--PERSONAL NAME
Personal name Harrod, Roy,
Dates associated with a name 1900-1978
9 (RLIN) 6081
245 10 - TITLE STATEMENT
Title International economics /
Statement of responsibility, etc. R. F. Harrod.
260 ## - PUBLICATION, DISTRIBUTION, ETC. (IMPRINT)
Place of publication, distribution, etc. London ;
-- Cambridge :
Name of publisher, distributor, etc. J. Nisbet ;
-- Cambridge University Press,
Date of publication, distribution, etc. 1933 [Reprinted 1960].
300 ## - PHYSICAL DESCRIPTION
Pagination xiii, 186 p. ;
Size 19 cm.
500 ## - GENERAL NOTE
General note First publ. 1933, revised and reset 1939 and 1957.
650 #0 - SUBJECT ADDED ENTRY--TOPICAL TERM
Topical term or geographic name as entry element International economic relations.
9 (RLIN) 20461
830 #0 - SERIES ADDED ENTRY--UNIFORM TITLE
Uniform title Cambridge economic handbooks.
942 ## - ADDED ENTRY ELEMENTS (KOHA)
Source of classification or shelving scheme Dewey Decimal Classification
Koha item type Books
Holdings
Lost status Source of classification or shelving scheme Damaged status Not for loan Permanent Location Current Location Shelving location Date acquired Source of acquisition Cost, normal purchase price Total Checkouts Full call number Date last seen Copy number Koha item type Collection code
  Dewey Decimal Classification   Not For Loan Central Library, University of Rajshahi Central Library, University of Rajshahi   15/03/1963 Zeitlinger 8.60   382 HAI 1960 11/01/2014 C-1 Books  
  Dewey Decimal Classification     Central Library, University of Rajshahi Central Library, University of Rajshahi   14/03/1973 British Council, Dhaka     382 HAI 1939 09/03/2014 C-3 Books Non-fiction
  Dewey Decimal Classification     Central Library, University of Rajshahi Central Library, University of Rajshahi   15/03/1963 Zeitlinger 8.60   382 HAI 1960 24/08/2016 C-2 Books Non-fiction
  Dewey Decimal Classification     Central Library, University of Rajshahi Central Library, University of Rajshahi   15/03/1963 Zeitlinger 8.60   382 HAI 1960 24/08/2016 C-4 Books Non-fiction
  Dewey Decimal Classification     Central Library, University of Rajshahi Central Library, University of Rajshahi   15/03/1963 Zeitlinger 8.60   382 HAI 1966 24/08/2016 C-5 Books Non-fiction
  Dewey Decimal Classification     Central Library, University of Rajshahi Central Library, University of Rajshahi   12/02/1955 Warsi Book Corporatin 5.50   382 HAI 1952 02/01/2017 C-6 Books Non-fiction